| 000 | 00870cam a2200205 a 4500 | ||
|---|---|---|---|
| 020 | _a0720120055 : | ||
| 082 | 0 | 0 |
_a297.1974 _bEAR _cL-31,p-74 |
| 245 | 0 | 3 |
_aAn Early crescent : _bthe future of knowledge and the environment in Islam / _cedited by Ziauddin Sardar. |
| 260 |
_aLondon ; _aNew York : _bMansell, _c1989. |
||
| 300 |
_aix, 251 p. ; _c23 cm. |
||
| 500 | _a"International Islamic Conference, Dawa and Development of the Muslim World: the Future Perspective, 17-21 Safar 1408/11-15 October 1987, Makkah Al Mukarramah-Muslim World League"--P. preceeding t.p. | ||
| 526 |
_a0 _b0 _c0 _d297_197400000000000_EAR |
||
| 650 | 0 | _aIslam | |
| 650 | 0 |
_aIslam and science. _9184 |
|
| 650 | 0 |
_aIslamic learning and scholarship. _937372 |
|
| 650 | 0 |
_aMCE _9379 |
|
| 650 | 0 |
_aSocial sciences _zIslamic countries. _937373 |
|
| 700 | 1 |
_aSardar, Ziauddin. _93869 |
|
| 942 |
_2ddc _cBK |
||
| 999 |
_c542249 _d542249 |
||